Not Only an Economist Recent Essays by Mark Blaug

Gespeichert in:
Bibliographische Detailangaben
1. Verfasser: Blaug, Mark
Format: Buch
Sprache:Englisch
Veröffentlicht: Cheltenham Edward Elgar 1997
Schlagworte:
Tags: Tag hinzufügen
Keine Tags, Fügen Sie das erste Tag hinzu!

MARC

LEADER 00000nam a2200000 4500
001 0282865
005 20240416113606.3
020 |a 1-85898-455-6 
041 0 |a eng 
044 |a GB 
245 1 0 |a Not Only an Economist  |b Recent Essays by Mark Blaug  |c Mark Blaug 
264 1 |a Cheltenham  |b Edward Elgar  |c 1997 
300 |a xiv, 402 s. 
610 2 0 |a myslenie ekonomické 
610 2 0 |a teórie ekonomické 
610 2 0 |a konkurencieschopnosť 
610 2 0 |a podnikanie 
610 2 0 |a nezamestnanosť 
610 2 0 |a inflácia 
610 2 0 |a vzdelávanie vysokoškolské 
610 2 0 |a ekonomika kreatívna 
100 1 |a Blaug, Mark